=LDR 00000nam 2200000 4500 =001 INLIS000000000053484 =005 20181018020347 =035 ##$$a 0010-1018000099 =245 1#$$a BAYAR PAJAK LEBIH MURAH : $b Cara Tepat dan Mudah Mengurangi Pajak dengan Zakat dan Sumbangan Keagamaan /$c Ai Nur Bayinah, S.E.I., M.M =100 #$$a Ai Nur Bayinah =250 ##$$a Ed. 1 =300 ##$$a 174 hlm : $b Ilus ; $c 14x21 cm =260 ##$$a Jakarta :$b Visimedia Pustaka,$c 2015 =082 ##$$a 336.2 =084 ##$$a 336.2 AI b =020 ##$$a 978-979-065-234-7 =650 ##$$a Pajak dan Perpajakan